| 000 | 01877nas1a22003011i 4500 | ||
|---|---|---|---|
| 001 | RU\NLR\INFOCOMM19\1000051149 | ||
| 005 | 20240725235726.0 | ||
| 035 | _a(NLR Aleph) 002476675 | ||
| 090 |
_a2386635 _c2386635 |
||
| 100 | _a20040405b19161917|||y0rusy50 ca | ||
| 101 | 0 | _arus | |
| 102 | _aRU | ||
| 110 | _azyu||||0|y0 | ||
| 200 | 1 | _aИзвестия Всероссийского комитета для оказания помощи пострадавшим от военных бедствий | |
| 210 |
_aПг. _d1916-1917 |
||
| 430 | 0 |
_12001#$aИзвестия Комитета великой княгини Татьяны Николаевны _tИзвестия Комитета великой княгини Татьяны Николаевны |
|
| 430 | 0 |
_12001#$aИзвестия Татьянинского комитета _tИзвестия Татьянинского комитета |
|
| 710 | 0 | 2 |
_aКомитет по оказанию временной помощи пострадавшим от военных бедствий _cПетербург _4070 |
| 801 | 1 |
_aRU _bInfoComm _c20040405 |
|
| 801 | 0 |
_aRU _bNLR _gPSBO |
|
| 852 |
_aNLR _j3/1449низ |
||
| 942 | _cSE | ||
| 980 | _aRUSPER | ||